| 000 | 004490000a22001810004500 | ||
|---|---|---|---|
| 003 | MACL | ||
| 005 | 20151222123024.0 | ||
| 008 | 151222b xxu||||| |||| 00| 0 eng d | ||
| 040 |
_aMACL _cMACL |
||
| 041 | _aEnglish | ||
| 082 | _a200/BLO | ||
| 100 |
_aBloomfield, Maurice _921821 |
||
| 245 | _aRig Veda Repetitions | ||
| 260 |
_bHarvard University Press _c1916 _aEngland |
||
| 350 | _a30 | ||
| 650 |
_aReligion _921822 |
||
| 942 |
_cBK _k200/BLO _2ddc |
||
| 999 |
_c40483 _d40483 |
||